Waterloo Sunset Lyrics Quiz - Statistics

General Stats
  • This quiz has been taken 47 times
  • The average score is 23 of 27
Answer Stats
Lyrics % Correct
I am in {paradise}
100%
I am in {paradise}
100%
They are in {paradise}
100%
Every day I look at the world from my {window}
97%
Every day I look at the world from my {window}
97%
As long as I {gaze} on, Waterloo Sunset,
87%
As long as I {gaze} on, Waterloo Sunset,
87%
As long as they {gaze} on, Waterloo Sunset
87%
But Terry and Julie, cross over the {river}
87%
{Dirty} old river, must you keep rolling,
87%
Every {Friday} night
87%
Waterloo Sunset's {fine} (Waterloo Sunset's {fine})
87%
Waterloo Sunset's {fine} (Waterloo Sunset's {fine})
87%
Where they feel safe and {sound}
87%
I stay at {home} at night
85%
Terry meets Julie, Waterloo {Station}
85%
Millions of people, swarming like {flies} 'round
82%
People so busy, make me feel {dizzy}
82%
Waterloo {underground}
79%
But I don't feel {afraid}
74%
But I don't need no {friends}
74%
But they don't need no {friends}
74%
But {chilly}, {chilly} is evening time
72%
But {chilly}, {chilly} is evening time
72%
But I am so {lazy}, don't want to wander
72%
{Taxi} light shine so bright
64%
{Flowing} into the night?
59%
No matching quizzes found
Score Distribution
Percent of People with Each Score
Percentile by Number Answered
Your Score History
You have not taken this quiz